| 000 | 01917cam a22004214a 4500 | ||
|---|---|---|---|
| 999 |
_c529743 _d529743 |
||
| 001 | 12914565 | ||
| 003 | NUST | ||
| 005 | 20191002153002.0 | ||
| 008 | 020903s2000 dcua b 000 0 eng | ||
| 010 | _a 00135753 | ||
| 020 | _a0309069025 (pbk.) | ||
| 038 | _aMSOHAIL | ||
| 040 |
_aDLC _cDLC _dDLC |
||
| 042 | _apcc | ||
| 043 | _an-us--- | ||
| 050 | 0 | 0 |
_aHE336.C64 _bA53 2000 |
| 082 | 0 | 0 |
_a388.3142 _222 |
| 100 | 1 |
_aAnderson, S. D. _q(Stuart D.) _922425 |
|
| 245 | 1 | 0 |
_aReducing and mitigating impacts of lane occupancy during construction and maintenance : _ba synthesis of highway practice / _cconsultants, Stuart D. Anderson and Gerald L. Ullman. |
| 260 |
_aWashington, D.C. : _bNational Academy Press, _c2000. |
||
| 300 |
_a60 p. : _bill. ; _c29 cm. |
||
| 490 | 1 |
_aNCHRP synthesis, _x0547-5570 ; _v296 |
|
| 500 | _aAt head of title: National Cooperative Highway Research Program. | ||
| 500 | _a"Research sponsored by the American Association of State Highway and Transportation Officials in cooperation with the Federal Highway Administration." | ||
| 500 | _a"Transportation Research Board, National Research Council." | ||
| 504 | _aIncludes bibliographical references (p. 45-47). | ||
| 650 | 0 |
_aTraffic congestion _zUnited States. _920089 |
|
| 650 | 0 |
_aRoads _zUnited States _xMaintenance and repair. _922426 |
|
| 700 | 1 |
_aUllman, Gerald L. _921959 |
|
| 710 | 2 |
_aNational Cooperative Highway Research Program. _920864 |
|
| 710 | 2 |
_aAmerican Association of State Highway and Transportation Officials. _919553 |
|
| 710 | 1 |
_aUnited States. _bFederal Highway Administration. _920149 |
|
| 710 | 2 |
_aNational Research Council (U.S.). _bTransportation Research Board. _922427 |
|
| 830 | 0 |
_aSynthesis of highway practice ; _v296. _922428 |
|
| 906 |
_a7 _bcbc _corignew _d2 _encip _f20 _gy-gencatlg |
||
| 942 |
_2ddc _cBK |
||